000 00618nam a2200145 a 4500
008 130919s1994 ||||||||||||||||| || u
050 _aWHO(02)
110 _aWorld Health Organization (WHO)
245 1 0 _aGuide to good prescribing: a practical manual
_cby World Health Organization [WHO]
260 _aGeneva:
_bWorld Health Organization (WHO)
_c1994
300 _a[xvi], 133p.: ill.
500 _aBibliography
650 _aPRESCRIPTION--MEDICAL--MANUALS, GUIDES, ETC
995 _aSPECIAL COLLECTIONS
_e1009
_FCBU-SCHOOL OF MEDICINE LIBRARY (Ndola)
_jWHO(02)1994/1
_M1
_UAVAILABLE
_WSep 27, 2013
_yB1009
_ZZambiana Collection
999 _c31578
_d31578